Ich twarz wygląda znajomo... - Statystyki

Ogólne statystyki
  • Ten quiz został rozwiązany 17 razy
  • Średni wynik to 6 z 20
Statystyki odpowiedzi
Aktor: Film: Postać: % Poprawnych
Bruno Ganz Upadek Adolf Hitler
88%
Colin Firth Jak zostać królem Jerzy VI
56%
Jonathan Pryce Dwóch Papieży Franciszek
50%
Robert De Niro Nietykalni Al Capone
44%
Eddie Redmayne Teoria wszystkiego Stephen Hawking
44%
Garry Oldman Czas mroku Winston Churchill
44%
Tom Cruise Walkiria Claus von Stauffenberg
31%
Marek Kondrat Ogniem i mieczem Jan II Kazimierz
31%
Bob Hoskins Wróg u bram Nikita Chruszczow
31%
Gene Hackman O jeden most za daleko Stanisław Sosabowski
31%
Tom Hanks Ratując pana Banksa Walt Disney
31%
Maciej Zakościelny Dywizjon 303: Historia prawdziwa Jan Zumbach
25%
Filip Bobek 80 milionów Władysław Frasyniuk
25%
Ralph Fiennes Lista Schindlera Amon Goeth
19%
Ed Harris Kopia Mistrza Ludwig van Beethoven
19%
Woody Harrelson LBJ Lyndon B. Johnson
19%
Krzysztof Pieczyński Jack Strong Zbigniew Brzeziński
19%
Forest Whitaker Ostatni król Szkocji Idi Amin
13%
Peter O'Toole Hitler: Narodziny zła Paul von Hindenburg
13%
Anthony Hopkins Amistad John Quincy Adams
0%
Nie znaleziono quizów pasujących do podanych kryteriów
Rozkład punktacji
Procent ludzi z każdym wynikiem
Percentyl według liczby udzielonych odpowiedzi
Twoja historia wyników
Nie rozwiązałeś tego quizu